Negro folk music U.S.A
-д хадгалсан:
| Үндсэн зохиолч: | |
|---|---|
| Формат: | Ном |
| Хэл сонгох: | англи |
| Хэвлэсэн: |
Nueva York
Dover Publications
1992
|
| Хэвлэл: | 1a. ed |
| Нөхцлүүд: | |
| Шошгууд: |
Шошго нэмэх
Шошго байхгүй, Энэхүү баримтыг шошголох эхний хүн болох!
|
MARC
| LEADER | 00000nam a2200000 a 4500 | ||
|---|---|---|---|
| 001 | UCK7193 | ||
| 003 | CL-VaPUC | ||
| 008 | 051111e19920000US |||||||||||||||||eng|d | ||
| 020 | |a 0486273504 | ||
| 082 | 0 | 4 | |a 781.6273 |b COU |2 21 |
| 100 | 0 | |a Courlander, Harold |e author |9 496644 | |
| 245 | 1 | 0 | |a Negro folk music U.S.A |
| 250 | |a 1a. ed | ||
| 300 | |a 324 p | ||
| 942 | |c BK | ||
| 945 | |d 20051111 00:00:00 |a cmena | ||
| 260 | |a Nueva York |b Dover Publications |c 1992 | ||
| 650 | 7 | |a CANCIONES |2 CL-VaPUC |9 496645 | |
| 650 | 0 | |a Música popular |9 356085 | |
| 650 | 0 | |a Música folklórica |9 306412 | |
| 650 | 0 | |a Partituras |9 324008 | |
| 650 | 0 | |a Música estadounidense |9 442873 | |
| 651 | 0 | |a Estados Unidos |9 255178 | |
| 583 | |a last modification |c 20051111 00:00:00 |k Rodrigo Vera | ||
| 999 | |c 315233 |d 315231 | ||
| 952 | |0 0 |1 0 |4 0 |6 781_627300000000000_COU_1992 |7 0 |8 A |9 388221 |a BIBEDU |b BIBEDU |d 2019-11-22 |i 4163346 |o 781.6273 COU 1992 |p 4163346 |r 2023-01-12 |w 2019-11-22 |y BK |k MUS | ||